[Event "Poikovsky Karpov 02nd"]
[Site "Poikovsky"]
[Date "2001.05.06"]
[Round "6"]
[White "Lputian, Smbat G"]
[Black "Leitao, Rafael Duailibe"]
[Result "1-0"]
[WhiteElo "2607"]
[BlackElo "2587"]
[Annotator "Ribli,Z"]
[PlyCount "97"]
[EventDate "2001.05.05"]
[EventType "tourn"]
[EventRounds "9"]
[EventCountry "RUS"]
[EventCategory "15"]
[SourceTitle "CBM 084"]
[Source "ChessBase"]
[SourceDate "2001.09.13"]
[SourceVersion "1"]
[SourceVersionDate "2001.09.13"]
[SourceQuality "1"]

1. d4 Nf6 2. Nf3 e6 3. g3 d5 4. Bg2 Be7 5. O-O O-O 6. c4 dxc4 {Die Hauptidee
dieses Zuges ist, die Entwicklung des Damenflügels zu beenden, während der
Gegner mit der Rückeroberung des Bauern beschäftigt ist.} 7. Qc2 a6 8. a4 {
Heutzutage ist dieser Zug viel beliebter, als die alte Fortsetzung 8.Qxc4,
wonach Schwarz 8...b5 ziehen und sich nach 9...Bb7 bessere Ausgleichschancen
verschaffen kann als nach 8.a4. Der Textzug schwächt zwar das Feld b4, aber
das hat keine sonderliche Bedeutung. Wichtiger ist, dass Schwarz nicht mit
Tempo b7-b5 ziehen und seinen Läufer nach b7 entwickeln kann.} Bd7 9. Qxc4 Bc6
10. Bg5 Bd5 11. Qc2 Be4 12. Qc1 (12. Qd1) 12... h6 {Schwarz lässt die weitere
Entwicklung seines Damenflügels noch offen, zuerst möchte er den Bg5 verjagen
oder abtauschen.} (12... c5) (12... a5) (12... Nc6) 13. Bxf6 {Dieser Tausch
sieht natürlich aus, aber 13.Bf4 ist auch gut spielbar.} (13. Bf4 Nd5 (13...
Nc6 14. Rd1 Bxf3 15. Bxf3 Nxd4 16. Kg2 c5 17. e3 Nb3 18. Rxd8 Nxc1 19. Rxa8
Rxa8 20. Bxb7 Ra7 21. Bc6 Nb3 22. Bb8 {1-0 Tkachiev,V-Adams,M/Cannes FRA 2001/
The Week in Chess 332 (45)}) 14. Nc3 Bxf3 15. Bxf3 c6 16. Rd1 Nxf4 17. Qxf4 Nd7
(17... a5 $5) 18. a5 Rc8 19. Ra4 Qc7 20. Qc1 Rfd8 21. Qa1 Nf6 22. Rc4 {1-0
Sulava,N-Arlandi,E/2 IECC, Ohrid 2001 (58)}) 13... Bxf6 14. Nc3 (14. Rd1 c6 15.
a5 (15. Nbd2 Bxf3 16. Nxf3 a5 17. e4 Na6 18. h4 Nb4 {1/2-1/2 Ivanisevic,
I-Markovic,Z/Herceg Novi YUG 2001/(42)}) 15... Be7 16. Qe3 Bxb1 17. Rdxb1 Nd7
18. Qb3 Rb8 19. Rc1 Bd6 20. Nd2 Bc7 21. Qc3 Qe7 22. e3 Rfc8 {1/2-1/2 Savchenko,
S-Kruppa,Y/Ohrid MKD 2001/(39)}) 14... Bh7 {Dieser Läuferzug gefällt mir nicht.
Schwarz möchte den Läufer nicht tauschen, aber in der ganzen Partie nimmt der
Bh7 die Rolle eines passiven Zuschauers ein. Viel einfacher und besser scheint
der Plan 14...Bxf3 und 15...c6 mit einer "Stonewallstellung".} (14... Bxf3 $5
15. Bxf3 c6 16. e3 a5 17. h4 Na6 $11 18. h5 Qe7 19. Rd1 Rfd8 20. Qc2 (20. Ne4
Nb4 $11) 20... Nb4 {1/2-1/2 Bareev,E-Anand,V/Shenyang 2000/CBM 79/[Ribli] (33)}
) 15. Rd1 c6 (15... a5 {[%cal Gb8a6,Ga6b4]}) 16. a5 {[%mdl 4] Weiß gewinnt
weiter Raum am Damenflügel. In der Folge kann der Springer über a4 nach c5
oder b6 ziehen.} (16. Ne5 Nd7 17. Nxd7 Qxd7 18. Ne4 Bxe4 19. Bxe4 {1/2-1/2
Ricardi,P-Short,N/Buenos Aires 2000/CBM 80_02 (19)}) 16... Nd7 (16... Qc7 {
Mit diesem - ein wenig - sonderbaren Zug kann Schwarz 17.Ne5 verhindern.} 17.
d5 $5 cxd5 (17... Rd8 18. dxe6 Rxd1+ 19. Qxd1 fxe6 20. Qb3 $14) 18. Nxd5 Qxc1
19. Nxf6+ gxf6 20. Raxc1 Nc6 21. Nd4 Nxa5 22. b4 Nc6 23. Nxc6 bxc6 24. Rxc6 $14
) 17. Ne5 Qc7 (17... Bxe5 18. dxe5 Qc7 19. f4 $14) 18. Nxd7 (18. Nc4 $5) 18...
Qxd7 19. Na4 $14 {[%csl Yb6,Yc5][%cal Ra4b6,Rb6a8,Rb6d7] Der Na4 steht
ausgezeichnet. Der schwarze Damenflügel ist blockiert. Die Hoffnung von
Schwarz muss nun im Plan e6-e5 liegen.} Qc7 20. Nc5 {[%csl Gc5]} Rfd8 (20... e5
$2 21. dxe5 Bxe5 22. Rd7 $16) 21. Qc4 Rd6 (21... e5 22. d5 cxd5 23. Bxd5 $14 {
[%csl Gd5]}) 22. Qb4 {[%csl Gb4,Gc5]} Rb8 23. e3 Be7 {[%cal Ge7b4]} (23... e5
$5) 24. Qc3 Qd8 25. Bf3 {Weiß hat Raumvorteil und die bessere Figurenstellung.
Da er keinen konkreten Plan findet, verbessert er zunächst in kleinen
Schritten seine Stellung.} Bf6 26. Kg2 {Dieser prophylaktische Zug ist immer
nützlich in solchen Stellungen - Weiß geht eventuellen Schachs auf der
Grundlinie aus dem Wege.} Qc7 27. Ra4 {[%cal Ga4b4] Weiß bereitet seinen
Angriff auf den Pb7 mit Qb3-Rb4 vor.} Rdd8 (27... e5 28. dxe5 Rxd1 29. exf6 $14
{Dank des Zuges 26.Kg2 hat Weiß diese Möglichkeit.}) 28. Qb3 Be7 (28... e5 29.
Rb4 exd4 30. exd4 $14) 29. Rc1 e5 {Endlich kommt Schwarz zu seinem ersten
aktiven Zug in dieser Partie.} (29... Bxc5 30. Rxc5 Rd7 31. h4 $14 {Schwarz
hat zwar in der Tat keine Schwächen, aber seine Stellung ist passiv. Er hat
keine Hoffnung auf Gegenspiel.}) 30. Rb4 exd4 31. exd4 Bxc5 {Der Pb7 hängt.
Schwarz muss jetzt den Nc5 abtauschen.} 32. Rxc5 (32. dxc5 $2 Rd3 $132) 32...
Re8 (32... Bg6) 33. Rb6 {[%mdl 32] Weiß hat ein starkes positionelles
Übergewicht am Damenflügel.} (33. d5 Qe7 34. Rc3 cxd5 35. Bxd5 $14) 33... Qd7
34. Rcxc6 $5 (34. Bxc6 Qxd4 (34... Be4+ 35. Bxe4 Rxe4 36. Rd5 $16) 35. Bxe8
Rxe8 36. Rc1 Be4+ 37. Kg1 Bc6 38. Rxb7 Bxb7 39. Qxb7 $16) 34... Bf5 $1 {
[%cal Rf5h3,Rh3g2]} (34... Qxd4 35. Rc7 $18) 35. h4 Qxd4 36. Rc7 Re6 (36... Be6
37. Qc3 $16) 37. Rxe6 (37. Rbxb7 $16) 37... Bxe6 38. Qb6 Qe5 (38... Qd2 39.
Rxb7 Rxb7 40. Bxb7 $16) 39. Rxb7 $16 Rxb7 40. Bxb7 {Weiß hat endlich einen
Bauern gewonnen. Auch der Pa6 ist schwach.} Bc4 (40... Bd5+ 41. Bxd5 Qxd5+ 42.
Kh2 $16) 41. b4 Qe2 {Die Dame sieht gefährlich aus auf e2, aber sie droht
nichts. Schwarz hat nicht mehr als ein Schach auf f1.} 42. Bc6 {[#]} h5 43. b5
$1 {Dieses vorübergehende Bauernopfer ist sehr stark - der weiße a-Bauer wird
nun freigesetzt.} Qf1+ 44. Kh2 Qe2 45. Qc5 {[%cal Rb5b6] Droht 46.b6, deshalb
muss Schwarz auf b5 nehmen.} Bxb5 46. Bxb5 axb5 47. a6 $18 {[%csl Ga6]} Qf3 48.
Kg1 Qd1+ 49. Kg2 {Und in hoffnungsloser Stellung gab Schwarz auf - er kann
weder seinen Pb5 verteidigen noch den weißen a-Bauern aufhalten.} 1-0

[Event "Bundesliga 0405"]
[Site "Germany"]
[Date "2005.01.30"]
[Round "9.2"]
[White "Johannessen, Leif Erlend"]
[Black "Vaganian, Rafael A"]
[Result "1-0"]
[WhiteElo "2519"]
[BlackElo "2640"]
[Annotator "Ribli,Z"]
[PlyCount "73"]
[EventDate "2004.11.12"]
[EventType "team-tourn"]
[EventRounds "15"]
[EventCountry "GER"]
[SourceTitle "CBM 106"]
[Source "ChessBase"]
[SourceDate "2005.06.06"]
[SourceVersion "1"]
[SourceVersionDate "2005.06.06"]
[SourceQuality "1"]
[WhiteTeam "Wattenscheid"]
[BlackTeam "Porz"]
[WhiteTeamCountry "GER"]
[BlackTeamCountry "GER"]

{[%mdl 1]} 1. d4 {Ftacnik} d5 2. c4 e6 3. Nf3 Nf6 4. g3 Be7 5. Bg2 O-O 6. O-O
dxc4 {Vaganian spielt die Klassische Variante. Schwarz nimmt auf c4 und
während Weiß den Bauern zurück gewinnt, kann Schwarz die Entwicklung seines
Damenflügels beenden.} 7. Qc2 a6 8. Qxc4 {Heutzutage ist dieser Zug wieder in
Mode gekommen; die Alternative 8.a4 ist ebenfalls spielbar.} b5 9. Qc2 Bb7 10.
Bd2 $5 {Mit dieser Fortsetzung bereitet Weiß präventiv Ba5 vor, sollte Schwarz
Nbd7 spielen. Die Alternativen 10.Bf4 und 10.Bg5 sind weniger populär.} Ra7 {
Ein profilaktischer Zug; auf jeden Fall kontrolliert Schwarz nochmal den
c7-Bauern. Jetzt wäre 11.Ba5 nicht sinnvoll wegen 11...Nc6.} 11. Rc1 Be4 12.
Qb3 Nbd7 {Die Eröffnungstheorie entwickelt sich sehr schnell: dieser Zug wurde
zuerst in der Partie Gelfand,B - Anand,V Calvia (ol) 2004 gespielt.} (12... Ba8
13. Bb4 $5 Nbd7 (13... Bxb4 14. Qxb4 Qd6 15. Qc3 Bd5 16. Nbd2 Nc6 17. e3) 14.
Nbd2 Bd5 15. Bxe7 Qxe7 16. Qc2 Rc8 17. a4 b4 18. e4 Ba8 19. e5 Nd5 20. Ne4 $14
{0-1 Beliavsky,A-Almasi,Z/HUN tt 2002/(39)}) (12... Bd5 13. Qe3 Nc6 $2 14. Rxc6
Bxc6 15. d5 Nxd5 16. Qxa7 Nb6 17. Qxa6 Bf6 18. a4 Qd7 19. axb5 Bd5 20. Qa3 Ra8
21. Ba5 $18 {1-0 Nielsen,P-Landa,K/Bundesliga 0405/(53)}) 13. Ba5 $5 {Die
Schlüsselfrage in dieser Variante ist, ob Weiß den Ausgleichszug c7-c5
verhindern kann oder nicht.} (13. Bb4 Bd5 14. Qa3 $2 (14. Bxe7 $142 Qxe7 15.
Qe3 Rc8 16. Nc3 c5 $11) 14... c5 15. Bxc5 (15. dxc5 a5) 15... Nxc5 16. dxc5 Ne4
$15 17. Ne1 Nxc5 18. Qe3 Bxg2 {1/2-1/2 Gelfand,B-Anand,V/Calvia 2004/(18)})
13... Qb8 14. Qe3 {[%csl Ge3] Die Dame geht weg von b3, um b2-b4 zu ziehen.} (
14. Nbd2 Ba8 15. Bb4 c5 16. Bxc5 Nxc5 17. dxc5 Rc8 18. Qa3 Rac7 19. b4 a5 $1
20. Qxa5 Ra7 21. Qb6 Rb7 22. Qa5 Ra7 {1/2-1/2 Gelfand,B-Vescovi,G/Bermuda BER
2005/(22)}) 14... Ba8 $6 (14... b4 15. Nbd2 (15. a3 $143 bxa3 16. Nxa3 Qxb2 17.
Nc4 Qb7 18. Ncd2 Bd5 19. Rxc7 Qa8) 15... Ba8 (15... Bd5 16. Rc2 (16. Nb3 $5 Bd6
17. Rc2 Qb5 18. Nfd2 Ng4 19. Qd3 Qxd3 20. exd3 $14) 16... Rc8 17. Rac1 $14) 16.
Nb3 Rc8 $2 (16... Nd5 17. Qd2 $1 (17. Qd3 Qb5 18. Nfd2 $1 (18. Ne1) 18... Qxd3
19. exd3 $14) 17... Qb5 18. e4 N5f6 19. d5 $1 exd5 20. Nfd4 Qb8 21. exd5 $16)
17. Rc2 $1 Be4 18. Ne5 $1 Bxg2 19. Nxd7 Nxd7 20. Kxg2 Qb5 21. Rac1 c6 22. Qf3
Nb8 23. Rc4 Rd7 24. e3 h6 (24... Qa4 25. Qd1 Rd5 26. Bxb4 Bxb4 27. a3 $18 {
1-0 Rotstein,A-Boensch,U/Fuerstenfeld 2005 (32)}) 25. Qe2 Re8 26. Qe1 Qa4 27.
Bxb4 $18 {1-0 Gelfand,B-Harikrishna,P/Bermuda BER 2005/(38)}) (14... Nb6 15.
Nbd2 Bd5) (14... Bd6 {Ftacnik} 15. Nbd2 (15. Nc3 Ba8 16. b4 Nb6) 15... Bd5 16.
b4 Re8 $11) 15. b4 $14 {[%csl Gb4,Yc5][%mdl 4] Nach diesem typischem Zug
erhält Weiß positionellen Druck am Damenflügel, der die schwarzen Hoffnung auf
c7-c5 zunichte macht und auch wenn der Ba5 sonderbar, weil abgeschieden steht,
kann Schwarz dies nicht ausnutzen.} Bd6 16. Nbd2 {[%cal Gd2b3,Gb3c5]} Nb6 {
[%cal Gb6c4] '?!' Ftacnik. Ftacnik: 'Black is losing the good coordination of
pieces, more chances for the equality were offered by the natural move 16...
Re8.' Der Nb6 zielt auf das Feld c4, somit muss Weiß seinem Springer auf d2
belassen.} (16... Re8 {Ftacnik} 17. Qb3 Bd5 $11) 17. Rc2 Bd5 18. Rac1 {[%cal
Gc1c8]} Qb7 (18... Nc4 19. Nxc4 Bxc4 20. Ne5 {'+/-' Ftacnik.} (20. Nd2 $14)
20... Bxe5 21. Qxe5 $14) 19. Ne1 Bxg2 20. Nxg2 Nfd5 (20... Re8 $5 {[%cal Ge6e5]
} 21. Qd3 {Ftacnik} e5 22. dxe5 Rxe5 23. Bxb6 Qxb6 24. Rc6 Qb8 25. Nf3 $14) 21.
Qb3 {[%cal Ge2e4]} f5 (21... Nf6 {Ftacnik} 22. Qd3 $14) 22. f3 $16 {[%cal
Ge2e4] Weiß möchte den stolzen d5-Springer mit e2-e4 verjagen.} f4 23. gxf4
Nxf4 (23... Bxf4 24. e4 Bxd2 25. Rxd2 Nc4 26. Rxc4 $1 bxc4 27. Qxc4 {[%csl Rd5]
'+/-' Ftacnik.} Nf6 28. Nf4 $16) 24. Nxf4 Bxf4 25. e3 Bd6 26. Bxb6 $1 {Endlich
kann Weiß seinen Läufer von a5 befreien.} Qxb6 27. Ne4 {[%csl Ge4,Re6][%cal
Gc1c7,Ge4g5] Weiß verfügt über deutlichen Positionsvorteil; es droht 28.Rc6,
28.Ng5 und es "hängt" der Pe6 mit Schach.} Kh8 28. Rc6 (28. Qxe6 $4 Bxh2+ $19)
28... Qb7 29. Qxe6 {Ftacnik: 'Johannessen can claim complete success, apart
from spare pawn all his pieces are better.'} Raa8 (29... Bxb4 30. Ng5 $18) 30.
Ng5 h6 31. Nf7+ Kh7 32. Qf5+ (32. Qd7 $18) 32... Kg8 33. Nxh6+ $1 $18 {[%mdl
64]} gxh6 (33... Kh8 34. Qh5 $18) 34. Qg6+ Kh8 35. Qxh6+ Kg8 36. Qg6+ Kh8 37.
Kf2 {[%csl Rh8][%cal Rc1g1,Rg1g8]} (37. R1c5 $18) 1-0

[Event "Linares Anibal op 04th"]
[Site "Linares"]
[Date "1997.??.??"]
[Round "7"]
[White "Fridman, Daniel"]
[Black "Janjgava, Lasha"]
[Result "1/2-1/2"]
[WhiteElo "2490"]
[BlackElo "2495"]
[Annotator "Ribli,Z"]
[PlyCount "60"]
[EventDate "1997.02.??"]
[EventType "swiss"]
[EventRounds "10"]
[EventCountry "ESP"]
[SourceTitle "CBM 058"]
[Source "ChessBase"]
[SourceDate "1997.06.01"]
[SourceVersion "1"]
[SourceVersionDate "1997.06.01"]
[SourceQuality "1"]

1. Nf3 Nf6 2. c4 e6 3. d4 d5 4. g3 Be7 5. Bg2 O-O 6. O-O dxc4 7. Qc2 a6 8. a4 {
Heutzutage ist dieser Zug in Mode. Ein paar Jahre zuvor spielte jedermann mit
Weiß 8.Qxc4 b5 9.Qc2 Bb7 10.Bf4 oder 10.Bd2. Ribli.} Bd7 9. Qxc4 Bc6 10. Bg5 {
Weiß spielt auf ein starkes Zentrum. Mit dem späteren Bxf6 nebst e2-e4 erhält
er Initiative. Aber der Nachziehande hat eine feste Stellung und das
Läuferpaar, was ein wichtige Faktor ist, wenn sich später die Stellung öffnet.
Ribli.} a5 11. Nc3 Na6 {[%csl Gb4][%cal Ga6b4] Schwarz spielt "slawische"
Motive. Im Slawischen Damengambit nach 1.d4 d5 2.c4 c6 3.Nf3 Nf6 4.Nc3 dxc4 5.
a4 haben wir ähnliche Schwächen im weißen Lager. Auf b4 er hat einen ewigen
Festpunkt für seine Springer. Ribli.} 12. Bxf6 Bxf6 13. e4 Nb4 14. Rad1 {
Die bessere Turmaufstellung wäre Rfd1.Ribli.} (14. Rfd1 b6 15. Ne1 (15. Rac1 $5
) 15... g6 (15... Rc8 $5) 16. e5 Bxg2 17. Nxg2 Bg7 18. Ne3 $14 {Beliavsky,
A-Schneider,A/JUG-chT Tivat/1995/}) 14... Qb8 $146 {Obwohl Schwarz zwei Läufer
hat, verfügt er über keinerlei Aktivität. Er hat einige Schwerigkeiten mit
seinem Figurenaufbau. Die Dame steht nicht besonders gut auf b8, aber auf d8
steht sie im Wege. Ribli.} (14... b6 15. d5 exd5 16. exd5 Bb7 17. Nd4 Bxd4 18.
Rxd4 Ba6 19. Nb5 Qd7 20. Rc1 Rac8 $13 {Taylor,G-Rozentalis,E/Toronto op/1995/})
15. h4 {Eine normaler Zug in solchen Stellungen, er beschränkt die
Moeglichkeiten des Bf6 und gewinnt Raum am Königsflügel. Ribli.} Rd8 (15... g6)
16. Nh2 Ra6 (16... g6 17. Ng4 Bg7 18. e5 Bxg2 19. Kxg2 h5 20. Nf6+ (20. Ne3 c6)
20... Bxf6 21. exf6 Nd5 22. Ne4 $13) 17. Ng4 Be7 18. Qe2 Be8 $1 {Schwarz macht
die 6. Reihe frei, und bereitet c7-c6 vor.Ribli.} 19. e5 Qa7 {Die Pointe des
früheren Qb8. Schwarz hat Angriff gegen den weißen Schlüsselbauern d4. Ribli.}
20. Ne3 c6 (20... Rxd4 $2 21. Nb5 $1 Bxb5 22. axb5 Rxd1 23. Rxd1 Rb6 24. Rd7
$18 {[%cal Rd7f7,Rd7c7]}) 21. Qg4 h5 22. Qf4 (22. Qxh5 Rxd4) 22... Nd5 23.
Nexd5 cxd5 24. Bf3 Rb6 $5 (24... g6 25. g4 $36) 25. Rd2 Rb4 {[%csl Ra4,Rb2,Rd4]
} 26. Bxh5 {Weiß hat einen Bauern erobert, aber er kann nicht völlig zufrieden
sein, weil das schwarze Gegenspiel den kleinen Materialverlust voll
kompensiert. Ribli.} Qb6 {[%cal Rb4b2]} 27. Qe3 (27. Rb1 Rc8 $44 {[%cal Rc8c3,
Yb4b1]}) 27... Rc8 (27... Rxb2 $6 28. Rxb2 Qxb2 29. Rb1 Qc2 30. Rxb7 {[%csl
Re7,Rf7][%cal Rb7f7]}) 28. Be2 Rxb2 29. Nb5 Rxd2 30. Qxd2 Bxb5 {[%cal Yb6c7,
Yc7c3] Und hier wurde remis vereinbart. Nach 31.Bxb5 Weiss hat eine
"theoretische" Bauernmehrheit am Königsflügel, weil der schwarze b-Bauer
blockiert ist. Aber nach 31...Qc7 hat Weiß keinen Gewinnchancen. Ribli.}
1/2-1/2

[Event "Dos Hermanas"]
[Site "Dos Hermanas"]
[Date "1997.04.02"]
[Round "2"]
[White "Karpov, Anatoly"]
[Black "Polgar, Judit"]
[Result "1/2-1/2"]
[WhiteElo "2760"]
[BlackElo "2645"]
[Annotator "Ribli,Z"]
[PlyCount "120"]
[EventDate "1997.04.01"]
[EventType "tourn"]
[EventRounds "9"]
[EventCountry "ESP"]
[EventCategory "19"]
[SourceTitle "CBM 059"]
[Source "ChessBase"]
[SourceDate "1997.08.01"]
[SourceVersion "1"]
[SourceVersionDate "1997.08.01"]
[SourceQuality "1"]

1. Nf3 d5 2. d4 Nf6 3. c4 e6 4. g3 Be7 5. Bg2 O-O 6. O-O dxc4 7. Qc2 a6 8. a4
Bd7 9. Qxc4 Bc6 10. Bg5 {Weiß möchte eine starke Zentrumsposition aufbauen mit
nachfolgendem 11.Nc3, 12.Bxf6 und 13.e4. Er hat Raumvorteil, aber Schwarz hat
eine feste, obwohl ein wenig passive Stellung. Ribli.} a5 (10... Bd5 11. Qd3 c5
12. Nc3 cxd4 13. Nxd5 Nxd5 14. Bxe7 Qxe7 15. Nxd4 Nc6 16. Rfc1 Nxd4 17. Qxd4
Rfd8 18. a5 h6 19. Rc4 Rd7 $11 {Beliavsky,A-Almasi,Z/Budapest,1997.}) 11. Nc3
Na6 {[%csl Rb4][%cal Ra6b4]} 12. Bxf6 (12. Rac1 Nb4 13. Rfd1 Rc8 (13... Bxf3
14. Bxf3 c6 15. e4 Nd7 16. Be3 Bg5 17. Bxg5 Qxg5 18. Bg2 e5 19. d5 Rfd8 20.
dxc6 bxc6 21. Bf1 Qe7 {1/2-1/2 Gabriel,C-Siegel,G/Bad Woerishofen op 1996}) 14.
Bxf6 (14. Ne5 Bd5 15. Nxd5 exd5 16. Qb5 c6 17. Qxb7 Rb8 18. Qa7 Ra8 19. Qb7 {
1/2-1/2 Stohl,I-Rozentalis,E/BL9495 1995}) 14... Bxf6 15. e4 b6 16. e5 Be7 17.
Ne1 Bxg2 18. Nxg2 Qd7 $10 {Kaidanov,G-Dautov,R/URS/1989/0,5/44/}) 12... Bxf6
13. e4 Nb4 14. Rfd1 {Natürlich. Weiß muß die Türme auf d1 und c1 stllen. Ribli.
} (14. Rad1 b6 (14... Qb8 15. h4 Rd8 16. Nh2 Ra6 17. Ng4 Be7 18. Qe2 Be8 19. e5
Qa7 20. Ne3 c6 21. Qg4 h5 {1/2-1/2 Fridman,D-Janjgava,L/Anibal op 1997 (30)})
15. d5 exd5 16. exd5 Bb7 17. Nd4 Bxd4 18. Rxd4 Ba6 19. Nb5 Qd7 20. Rc1 Rac8 {
Taylor,G-Rozentalis,E/Toronto op 1995/1/2-1/2 (50)}) 14... Rb8 (14... b6 15. d5
(15. Rac1 Bb7 16. e5 (16. Qe2 Rc8 17. h4 c6 18. Qe3 Qc7 19. e5 Be7 20. Ng5 {
Sorokin,M-Servat,R/San Luis Clarin-GP 1995/1-0 (96)}) (16. d5 exd5 17. exd5 Ba6
18. Qb3 Nd3 19. Rb1 Nc5 20. Qc2 Re8 21. h4 Qd6 22. Nd4 Bxd4 23. Rxd4 Re7 {
1/2-1/2 Hjartarson,J-Rozentalis,E/Tilburg blitz 1994 (35)}) 16... Be7 17. Ne1 {
1/2-1/2 Kaidanov,G-Karpov,A/Tilburg 1993}) (15. Ne1 g6 $6 (15... Rc8 $32) 16.
e5 Bxg2 17. Nxg2 Bg7 (17... Be7 $5) 18. Ne3 $14 {1/2-1/2 Beliavsky,A-Shneider,
A/JUG-chT Tivat 1995 (36)}) 15... exd5 16. exd5 Bb7 17. Rd2 Qd7 18. Rad1 Rad8
19. h4 Rfe8 20. Kh1 h6 {1/2-1/2 Panno,O-Adams,M/Buenos Aires Najdorf 1991 (25)}
) 15. Rac1 Qd7 (15... Bxa4 16. Nxa4 b5 17. Qb3 (17. Qxc7 bxa4) 17... bxa4 18.
Qxa4 c6 19. Rc5) 16. b3 Rfd8 (16... Rbd8 17. Qe2 Qc8 18. h4 $14 {Dank seines
Raumvorteils steht Weiß etwas aktiver. Ich möchte auch bemerken, daß in
solchen Stellungen das Läuferpaar weniger wirksam ist. Ribli.}) 17. Qe2 Rbc8
18. h4 {Das ist ein typischer Versuch, mit dem Weiß Raum am Königsflügel
gewinnt. Nach eventuellem 18...g6 kann er mit 19.h5 die Königstellung des
Gegners schwächen. Ribli.} (18. Bh3) 18... Qe8 19. Bh3 $14 {[%cal Gh3c8]} Bd7
20. Nb5 Bxb5 $8 21. axb5 c6 22. bxc6 Rxc6 23. Rc4 h6 24. Bf1 b5 $2 {Judit
möchte - wie gewöhnlich - aktiv spielen, aber dieser Zug schwächt nur die
ganze Stellung. Ribli.} (24... Rxc4 $142 25. bxc4 e5) 25. Rxc6 {[#]} Qxc6 26.
d5 $1 {Ein schöner und typischer positioneller Durchbruch. Karpov erreicht
eine gute Angriffsstellung. Ribli.} exd5 27. e5 {[%csl Yd4] Natuerlich ist das
die Idee von Weiß. Er hat eine gute Springerposition auf d4 und droht e5-e6.
Der schwarze d5-Bauer bleibt schwach, weil Weiß ihn gut blockieren kann. Ribli.
} Be7 28. Nd4 {[%csl Gd4]} Qd7 (28... Qe8 29. Qg4 {[%cal Rd4f5]}) 29. e6 fxe6
30. Bh3 {[%cal Rh3e6,Re6g8,Re6d7] Weiss hat direkten Angriff gegen den
schwarzen König. Ich möchte bemerken, daß Schwarz Schwierigkeiten auf den
weissen Feldern hat. Ribli.} Qe8 31. Qxe6+ Qf7 32. Qb6 {[%csl Ra5,Rb5]} Kh8 $8
33. Qxb5 $138 Ra8 {Weiß hat eine aktive Dame, die bessere Figurenstellung,
einen besonders starken Läufer auf h3, aber er ist in Zeitnot.  Schwarz hat
Verteidigungschancen, der Springer auf b4 hält die Stellung. Ribli} 34. Re1 (
34. Be6 $14 Qe8 35. Bxd5 (35. Bd7) 35... Qxb5 36. Nxb5 Rd8 37. Bf3 {Wegen der
ungleichfarbigen Läufer ist die weiße Königsflügel-Majorität schwer zu
verwerten. Ribli.}) (34. Ne6 $5 {[%cal Ye6f4]}) (34. Qb7 Rf8) 34... Bf6 35. Nf5
Qf8 36. Re6 $6 d4 $13 {In Zeitnot riskiert Karpov zu viel. Sein Turm ist nur
scheinbar aktiv, in Wirklichkeit bekommt Schwarz seine Chancen, weil er den
d-Bauern vorrücken kann. Ribli.} 37. Bg4 {[%cal Gg4d1]} d3 38. Bh5 d2 {[%csl
Gd2]} 39. Rd6 Rd8 $6 (39... g6 $142 $1 {Nach diesem Zug gewinnt Schwarz
Material. Die Frage lautet allerdings, wie gesund seine Bauern sind. Ribli.}
40. Rxd2 (40. Bf3 gxf5 41. Rxd2 $17) (40. Bxg6 $2 Qxd6 $1 41. Nxd6 d1=Q+ $19)
40... gxh5 41. Rd7 Rd8 $17) 40. Rxd8 Qxd8 {In dieser Stellung steht Schwarz -
trotz seines starken Bauern auf d2 - etwas schlechter. Die weißen Felder am
Königsflügel sind schwach. Dieser Nachteil ist aber mikroskopisch, und die
Partie muß remis enden. Ribli.} 41. Ne3 Nd3 {[%cal Rd3b2,Rd2d1]} 42. Nd1 Ne5
43. Ne3 Nd3 {[%csl Gd3]} 44. Qf5 Nb2 $11 {Nach dem Springertausch ist die
Stellung gleich. Ribli.} 45. Nd1 Nxd1 46. Bxd1 {Weiß hat den folgenden Plan:
Er kann den gefährlichen schwarzen d2-Bauen mit Ke2 halten, und eine Aktion
gegen den schwarzen Koenig mit Bc2 beginnen. Ribli.} Kg8 47. Qe6+ Kf8 48. Kg2
Qe7 49. Qc8+ Qd8 {Nach Damentausch ist die Stellung sofort remis. Wegen seines
d2-Bauern hat nun Schwarz einen mikroskopischen Vorteil. Ribli.} 50. Qc5+ Kg8
51. Qc4+ Kh8 52. Qe4 Qe7 53. Qf5 Qd8 54. Kf1 {[%cal Gf1e2]} Qa8 55. Ke2 Qa6+ $1
{Judit gibt auf seinen d2-Bauern,und fuehrt die Partie zum Remis.Ribli.} (55...
Qd8 56. Bc2 $36 {[%cal Rc2h7]}) 56. Kxd2 Qd6+ 57. Kc1 (57. Ke2 Qe5+ 58. Qxe5
Bxe5 $11) 57... Qa3+ 58. Kd2 (58. Kb1 $4 Qb2#) 58... Qd6+ {Weiß kann nicht
abweichen. Er muß die Damen tauschen, was zum sofortige Remis führt. Ribli.}
59. Ke2 Qe5+ 60. Qxe5 Bxe5 {Dieses Endspiel mit ungleichfarbigen Läufern ist
leicht haltbar. Am einfachsten stellt Schwarz seinen König nach f8 und zieht
auf der Diagonalen z.B.a5-e1 mit seinem Läufer. Weiß kann - trotz seines
Bauernvorteil - nicht vorankommen. Ribli.} 1/2-1/2